<?xml version="1.0" encoding="UTF-8"?><?xml-stylesheet type="text/xsl" href="static/style.xsl"?><OAI-PMH xmlns="http://www.openarchives.org/OAI/2.0/" xmlns:xsi="http://www.w3.org/2001/XMLSchema-instance" xsi:schemaLocation="http://www.openarchives.org/OAI/2.0/ http://www.openarchives.org/OAI/2.0/OAI-PMH.xsd"><responseDate>2026-06-30T01:12:07Z</responseDate><request verb="GetRecord" identifier="oai:riubu.ubu.es:10259/4803" metadataPrefix="marc">https://riubu.ubu.es/oai/request</request><GetRecord><record><header><identifier>oai:riubu.ubu.es:10259/4803</identifier><datestamp>2022-04-26T11:42:11Z</datestamp><setSpec>com_10259_2699</setSpec><setSpec>col_10259_2713</setSpec></header><metadata><record xmlns="http://www.loc.gov/MARC21/slim" xmlns:doc="http://www.lyncode.com/xoai" xmlns:xsi="http://www.w3.org/2001/XMLSchema-instance" xmlns:dcterms="http://purl.org/dc/terms/" xsi:schemaLocation="http://www.loc.gov/MARC21/slim http://www.loc.gov/standards/marcxml/schema/MARC21slim.xsd">
<leader>00925njm 22002777a 4500</leader>
<datafield tag="042" ind1=" " ind2=" ">
<subfield code="a">dc</subfield>
</datafield>
<datafield tag="720" ind1=" " ind2=" ">
<subfield code="a">Cardona Castaño, Gloria María</subfield>
<subfield code="e">author</subfield>
</datafield>
<datafield tag="260" ind1=" " ind2=" ">
<subfield code="c">2015</subfield>
</datafield>
<datafield tag="520" ind1=" " ind2=" ">
<subfield code="a">El propósito fundamental de esta investigación, basada en la teoría de los Campos Conceptuales de Gérard Vergnaud (TCCV), es inferir posibles elementos de esquemas: anticipaciones, invariantes operatorios (conceptos-en-acto y teoremas-en- acto) e inferencias, de un grupo de profesores de ciencias y el devenir de los mismos, durante un proceso de formación que asume postulados básicos de la teoría de referencia mencionada. Para el logro de los objetivos propuestos estructuramos un campo conceptual que denominamos “enseñanza y aprendizaje de conceptos científicos con base en la Teoría Campos Conceptuales de Vergnaud”, a partir del cual orientamos el plan de formación, de mediación didáctica con dicho grupo y de investigación.&#xd;
&#xd;
La investigación se realiza con un grupo de estudiantes que cursa la Licenciatura en Educación Básica con énfasis en Ciencias Naturales y Educación Ambiental en la Universidad de Antioquia, Colombia. Dicho grupo está integrado por cuatro profesores en formación que comparten dos asignaturas de la Práctica Pedagógica durante tres semestres, las cuales se desarrollan mediante seminarios en el campus universitario y la asistencia a centros escolares de práctica.</subfield>
</datafield>
<datafield tag="024" ind2=" " ind1="8">
<subfield code="a">http://hdl.handle.net/10259/4803</subfield>
</datafield>
<datafield tag="024" ind2=" " ind1="8">
<subfield code="a">10.36443/10259/4803</subfield>
</datafield>
<datafield ind1=" " ind2=" " tag="653">
<subfield code="a">Formación inicial de maestros</subfield>
</datafield>
<datafield ind1=" " ind2=" " tag="653">
<subfield code="a">Enseñanza de conceptos científicos</subfield>
</datafield>
<datafield ind1=" " ind2=" " tag="653">
<subfield code="a">Teoría de los Campos Conceptuales</subfield>
</datafield>
<datafield ind1=" " ind2=" " tag="653">
<subfield code="a">Esquema</subfield>
</datafield>
<datafield ind1=" " ind2=" " tag="653">
<subfield code="a">Competencia</subfield>
</datafield>
<datafield ind1=" " ind2=" " tag="653">
<subfield code="a">Initial teacher training</subfield>
</datafield>
<datafield ind1=" " ind2=" " tag="653">
<subfield code="a">Teaching of scientific concepts</subfield>
</datafield>
<datafield ind1=" " ind2=" " tag="653">
<subfield code="a">Conceptual Fields Theory</subfield>
</datafield>
<datafield ind1=" " ind2=" " tag="653">
<subfield code="a">Scheme</subfield>
</datafield>
<datafield ind1=" " ind2=" " tag="653">
<subfield code="a">Competence</subfield>
</datafield>
<datafield tag="245" ind1="0" ind2="0">
<subfield code="a">Formación de maestros en ciencias naturales: movilización de elementos de sus esquemas</subfield>
</datafield>
</record></metadata></record></GetRecord></OAI-PMH>